The Congress of Vienna: (Record no. 17661)
[ view plain ]
| 000 -LEADER | |
|---|---|
| fixed length control field | 00885cam a22002651 4500 |
| 001 - CONTROL NUMBER | |
| control field | 1219726 |
| 003 - CONTROL NUMBER IDENTIFIER | |
| control field | ASL |
| 005 - DATE AND TIME OF LATEST TRANSACTION | |
| control field | 20231015025622.0 |
| 008 - FIXED-LENGTH DATA ELEMENTS--GENERAL INFORMATION | |
| fixed length control field | 170705r1946 nyuc b 000 0 eng | |
| 010 ## - LIBRARY OF CONGRESS CONTROL NUMBER | |
| LC control number | 46007614 |
| 040 ## - CATALOGING SOURCE | |
| Original cataloging agency | DLC |
| Transcribing agency | ASL |
| Modifying agency | ASL |
| 043 ## - GEOGRAPHIC AREA CODE | |
| Geographic area code | e------ |
| 050 00 - LIBRARY OF CONGRESS CALL NUMBER | |
| Classification number | DC249 |
| Item number | .N5 1946a |
| 082 00 - DEWEY DECIMAL CLASSIFICATION NUMBER | |
| Classification number | 060.43613 |
| Item number | NIC |
| 100 1# - MAIN ENTRY--PERSONAL NAME | |
| Personal name | Nicolson, Harold |
| Dates associated with a name | 1886-1968. |
| 9 (RLIN) | 529 |
| 245 04 - TITLE STATEMENT | |
| Title | The Congress of Vienna: |
| Remainder of title | A Study in Allied Unity: 1812-1822 / |
| Statement of responsibility, etc. | by Harold Nicolson. |
| 260 ## - PUBLICATION, DISTRIBUTION, ETC. | |
| Place of publication, distribution, etc. | New York: |
| Name of publisher, distributor, etc. | Harcourt, Brace and company, |
| Date of publication, distribution, etc. | 1946. |
| 300 ## - PHYSICAL DESCRIPTION | |
| Extent | vi, 312 p. : |
| Other physical details | front., ports. ; |
| Dimensions | 21 cm. |
| 500 ## - GENERAL NOTE | |
| General note | "First American edition." |
| 504 ## - BIBLIOGRAPHY, ETC. NOTE | |
| Bibliography, etc. note | "List of books consulted": p. 297-299. |
| 610 10 - SUBJECT ADDED ENTRY--CORPORATE NAME | |
| Corporate name or jurisdiction name as entry element | Congress of Vienna, |
| Date of meeting or treaty signing | (1814-1815) |
| 9 (RLIN) | 530 |
| 651 #0 - SUBJECT ADDED ENTRY--GEOGRAPHIC NAME | |
| Geographic name | Europe |
| General subdivision | Politics and government |
| Chronological subdivision | 1789-1815. |
| 9 (RLIN) | 531 |
| 906 ## - LOCAL DATA ELEMENT F, LDF (RLIN) | |
| a | 7 |
| b | cbc |
| c | orignew |
| d | u |
| e | ocip |
| f | 19 |
| g | y-gencatlg |
| 942 ## - ADDED ENTRY ELEMENTS (KOHA) | |
| Source of classification or shelving scheme | Dewey Decimal Classification |
| Koha item type | Books |
| Withdrawn status | Lost status | Source of classification or shelving scheme | Damaged status | Not for loan | Collection code | Home library | Current library | Shelving location | Date acquired | Source of acquisition | Total Checkouts | Full call number | Barcode | Date last seen | Copy number | Price effective from | Koha item type |
|---|---|---|---|---|---|---|---|---|---|---|---|---|---|---|---|---|---|
| Dewey Decimal Classification | Not For Loan | Non-fiction | Asiatic Society Library | Asiatic Society Library | Harrison Collection | 02/05/2020 | Donated by Prof. John B. Harrison | 060.43613 NIC | 100789 | 07/05/2017 | 1 | 07/05/2017 | Books |